000 00653nam a2200229 a 4500
001 BRL_1522
005 20190320211239.0
008 140214s1994----mx-aob####---#000-0#spa-#
020 _a968643433X
041 _aspa
044 _amx
050 4 _aF1321
_b.R66 1994
100 1 _aRomero Giordano, Carlos
_94882
245 1 0 _aOaxaca
_barqueología, arte colonial, tradiciones
_cCarlos Romero Giordano.
250 _aEdición Española
260 _aMéxico
_bMonclem Ediciones
_c1994
300 _a111 p.
_bil., fotografías, mapas
_c26 cm.
500 _aAu1716
651 4 _aOaxaca
_xDescripción y viajes
_927161
902 _aGRL
942 _2lcc
_cB
999 _c10331
_d10331